<?xml version="1.0" encoding="UTF-8"?>
<record
    xmlns:xsi="http://www.w3.org/2001/XMLSchema-instance"
    xsi:schemaLocation="http://www.loc.gov/MARC21/slim http://www.loc.gov/standards/marcxml/schema/MARC21slim.xsd"
    xmlns="http://www.loc.gov/MARC21/slim">

  <leader>01128nab a2200253 uc4500</leader>
  <controlfield tag="001">810114</controlfield>
  <controlfield tag="005">20241211090912.0</controlfield>
  <controlfield tag="008">030509e20010701                    spa  </controlfield>
  <datafield tag="035" ind1=" " ind2=" ">
    <subfield code="a">810114</subfield>
  </datafield>
  <datafield tag="035" ind1=" " ind2=" ">
    <subfield code="a">(OCoLC)820025834</subfield>
  </datafield>
  <datafield tag="040" ind1=" " ind2=" ">
    <subfield code="c">comduadb</subfield>
  </datafield>
  <datafield tag="041" ind1=" " ind2=" ">
    <subfield code="a">spa</subfield>
  </datafield>
  <datafield tag="100" ind1="1" ind2="0">
    <subfield code="a">Gorbaneff, Yuri</subfield>
    <subfield code="4">aut</subfield>
    <subfield code="e">aut</subfield>
    <subfield code="9">506855</subfield>
  </datafield>
  <datafield tag="245" ind1="1" ind2="0">
    <subfield code="a">Instituciones y reforma en Rusia</subfield>
  </datafield>
  <datafield tag="520" ind1="3" ind2=" ">
    <subfield code="a">RESUMEN : El deterioro de la econom&#xED;a y el nivel de vida de la mayor&#xED;a de la poblaci&#xF3;n de Rusia desde el fin del sistema comunista, se debe en buena medida a la manera como el capitalismo y las instituciones, sociales y legales, que lo respalden fueron implementados. Lejos de ser concertados y adaptadas a la cultura rusa, fueron impuestos de una manera artificial. </subfield>
  </datafield>
  <datafield tag="650" ind1=" " ind2=" ">
    <subfield code="a">Econom&#xED;a rusa</subfield>
    <subfield code="9">58516</subfield>
  </datafield>
  <datafield tag="650" ind1=" " ind2=" ">
    <subfield code="a">Nivel de vida</subfield>
    <subfield code="9">29213</subfield>
  </datafield>
  <datafield tag="650" ind1=" " ind2=" ">
    <subfield code="a">Caida del comunismo</subfield>
    <subfield code="9">170415</subfield>
  </datafield>
  <datafield tag="650" ind1=" " ind2="7">
    <subfield code="a">Comunismo</subfield>
    <subfield code="z">Rusia</subfield>
    <subfield code="2">lemb</subfield>
    <subfield code="9">43481</subfield>
  </datafield>
  <datafield tag="650" ind1=" " ind2=" ">
    <subfield code="a">Reforma economica - Rusia</subfield>
    <subfield code="9">9482</subfield>
  </datafield>
  <datafield tag="650" ind1=" " ind2=" ">
    <subfield code="a">Capitalismo - Rusia</subfield>
    <subfield code="9">43489</subfield>
  </datafield>
  <datafield tag="773" ind1="0" ind2=" ">
    <subfield code="t">Oasis (Bogot&#xE1;)</subfield>
    <subfield code="g">N&#xFA;mero 07, Enero-Diciembre 2001, p. 243-253</subfield>
    <subfield code="w">806978</subfield>
    <subfield code="x">1657-7558</subfield>
    <subfield code="0">276349</subfield>
  </datafield>
  <datafield tag="942" ind1=" " ind2=" ">
    <subfield code="c">ARIMP</subfield>
  </datafield>
  <datafield tag="999" ind1=" " ind2=" ">
    <subfield code="c">281897</subfield>
    <subfield code="d">281897</subfield>
  </datafield>
</record>
